| 000 | 00340nam a2200133Ia 4500 | ||
|---|---|---|---|
| 008 | 150201s2007 xx 000 0 und d | ||
| 082 |
_a618.92 _bP07R |
||
| 100 | _aRAO,NAGESH KUMAR G | ||
| 245 | _aPRACTICAL FOFENSIC MEDICINE | ||
| 250 | _a3RD | ||
| 260 |
_bJAYPEE BROTHERS _aDELHI _c2007 |
||
| 650 | _aFORENSIC MEDICINE | ||
| 942 |
_2ddc _cBK _07 |
||
| 999 |
_c1060 _d1060 |
||